000 00783nam a22001937a 4500
999 _c8279
_d8279
020 _a9781111835026
050 _aPN1992.55
_b.Ea7
100 _aEastman, Susan Tyler
245 _aMedia programming :
_bstrategies and practices
_cSusan Tyler Eastman; Douglas A Ferguson
250 _a9th ed.
260 _aAustralia :
_bWadsworth,
_c2013.
300 _a484p.
_c25 cm
500 _aInclude Index 1 volume ;
505 _apt. 1. Introduction to Programming -- pt. 2. Frameworks for Media Programming -- pt. 3. Understanding Key Processes -- pt. 4. Television Programming Practices -- pt. 5. Audio Programming Practices.
650 _a Television programs -- Planning.
650 _aRadio programs -- Planning.
650 _aCable television -- Planning.
942 _cBK